Nasadenie RFID pri zvyšovaní efektívnosti distribučných procesov
Praktické využitie RFID (rádiofrekvenčnej identifikácie) v dodávateľskom reťazci. Technická špecifikácia RFID. Identifikačný kód - Electronic product code. Ako funguje RFID.
Saved in:
| Main Author: | |
|---|---|
| Format: | Book Chapter |
| Language: | Slovak |
| Subjects: | |
| Tags: |
No Tags, Be the first to tag this record!
|
MARC
| LEADER | 00000nla$a2200000$$$4500 | ||
|---|---|---|---|
| 001 | 0101663 | ||
| 005 | 20240502072116.6 | ||
| 041 | 0 | |a slo | |
| 044 | |a SK | ||
| 245 | 1 | 0 | |a Nasadenie RFID pri zvyšovaní efektívnosti distribučných procesov |c Miloš Gabriš |
| 520 | |a Praktické využitie RFID (rádiofrekvenčnej identifikácie) v dodávateľskom reťazci. Technická špecifikácia RFID. Identifikačný kód - Electronic product code. Ako funguje RFID. | ||
| 610 | 2 | 0 | |a technológie nové |
| 610 | 2 | 0 | |a označovanie tovarov |
| 610 | 2 | 0 | |a identifikácia automatická |
| 610 | 2 | 0 | |a reťazce dodávateľsko-odberateľské |
| 610 | 2 | 0 | |a distribúcia |
| 610 | 2 | 0 | |a efektívnosť |
| 100 | 1 | |a Gabriš, Miloš | |